| 000 | 00970nam a22002897a 4500 | ||
|---|---|---|---|
| 001 | 6284 | ||
| 003 | FISKH | ||
| 005 | 20250409103151.0 | ||
| 008 | 250409b cb ||||| |||| 00| 0 eng d | ||
| 020 | _a9780916119379 | ||
| 040 |
_aFISKH _beng _cFISKH _dFISKH |
||
| 050 | _aQL49.W555413 | ||
| 082 | _a080 | ||
| 100 | _aWilliams, Rozanne Lanczak | ||
| 245 |
_aWho lives here? _cWritten by Rozanne Lanczak Williams ; illustrated by Rick Grayson |
||
| 250 | _aThis edition published in 2013 | ||
| 260 |
_aHuntington Beach : _bCreative Teaching Press, _c1994. |
||
| 300 |
_a16 pages : _bcolor illustrations ; _c16 x 26 cm |
||
| 505 | _aD | ||
| 520 | _aDiscusses different homes that animals live in and how they need air, water, light, and food to live. | ||
| 521 | 8 |
_a160
_bLexile |
|
| 521 | 8 |
_aD
_bRaz-Plus |
|
| 650 |
_aAnimals and Insects _vPicture Books _xHabitats |
||
| 700 |
_aGrayson, Rick _eillustrator |
||
| 942 |
_2ddc _cBK _n0 |
||
| 999 |
_c6284 _d6284 |
||